000 00832nam a2200241 i 4500
001 115360
003 ES-MaACL
005 20250825062549.0
007 t|
008 070307s1926 sp ||||1| spa d
080 _a821.134.2-22"19"
100 1 _aOliver, Federico,
_d1873-1957
_986807
245 1 3 _aLo que ellas quieren
_b: comedia en tres actos y un epĂ­logo, en prosa /
_cFederico Oliver.
260 _aMadrid :
_bPrensa Moderna,
_c1926.
300 _a85 p. ;
_c17 cm.
490 1 _aEl Teatro moderno ;
_v68
500 _aEstrenada en el Teatro Reina Victoria, de Madrid, el 18 de noviembre de 1926.
830 0 3 _aEl teatro moderno (Prensa Moderna)
_v68
_9182365
852 _aES-MaACL
_jC-13016/ej.1
_9119677
_cSPAL
852 _aES-MaACL
_j2224-F-18
_bR.140770
_cDEPOF
_9129908
942 _2udc
999 _c115360
_d115360